00384nam a2200157Ia 4500008004100000020001400041040001900055041001200074082002300086100001400109245002700123260002900150300001900179650001200198850001600210131103s9999 xx 000 0 und d a747503583 aLoreto College aEnglish aF/GEMbLCLIB/45654 aGems, Pam aMrs framptoncPam Gems aLondonbBloomsburyc1989 a159p. c 22cm. aFiction aLCLIB/F/GEM